[Event "Eastern Asia-ch U18 Girls"]
[Site "Tornelo INT"]
[Date "2021.10.23"]
[Round "5"]
[White "Nguyen, Ha Phuong1"]
[Black "Laxmi, Rakesh"]
[Result "0-1"]
[WhiteElo "1490"]
[BlackElo "1050"]
[PlyCount "54"]
[EventDate "2021.10.22"]
[EventType "swiss"]
[EventRounds "9"]
[EventCountry "NET"]
[SourceTitle "EXT 2023"]
[Source "ChessBase"]
[SourceDate "2022.10.05"]
[SourceVersion "1"]
[SourceVersionDate "2022.10.05"]
[SourceQuality "1"]

1. e4 c6 2. d4 d5 3. e5 Bf5 4. f4 e6 5. Nf3 c5 6. c3 cxd4 7. Nxd4 Ne7 8. Be3 a6 9. Nd2 Nbc6 10. g4 Nxd4 11. cxd4 Bg6 12. Qb3 Qc7 13. Bd3 Bxd3 14. Qxd3 Nc6 15. a3 g6 16. f5 exf5 17. gxf5 0-0-0 18. Rc1 gxf5 19. Qxf5+ Qd7 20. Rf1 Qxf5 21. Rxf5 Rd7 22. Ke2 Kb8 23. Rcf1 Nd8 24. Nf3 h6 25. Rh5 Bg7 26. Nh4 Ne6 27. Nf5 Rg8 0-1